|
|
|
|
| LEADER |
01511cam a2200325 a 4500 |
| 001 |
917261 |
| 003 |
GR-PaULI |
| 005 |
20231011105324.0 |
| 008 |
830907s1984 azua b 001 0 eng |
| 010 |
|
|
|a 82042925
|
| 020 |
|
|
|a 0897740246
|
| 040 |
|
|
|a DLC
|c DLC
|d DLC
|b gre
|e AACR2
|
| 082 |
0 |
4 |
|a 025.2
|2 23
|
| 245 |
0 |
0 |
|a Library acquisition policies and procedures /
|c edited by Elizabeth Futas.
|
| 250 |
|
|
|a 2nd ed.
|
| 260 |
|
|
|a Phoenix, Ariz. :
|b Oryx Press,
|c 1984.
|
| 300 |
|
|
|a xxxvi, 579 σ. :
|b εικ. ;
|c 24 εκ.
|
| 490 |
0 |
|
|a A Neal-Schuman professional book
|
| 500 |
|
|
|a
|
| 504 |
|
|
|a Περιλαμβάνει βιβλιογραφία και ευρετήριο.
|
| 650 |
|
4 |
|a Βιβλιοθήκες
|9 200273
|x Προσκτήσεις.
|
| 650 |
|
4 |
|a Βιβλιοθήκες
|x Ανάπτυξη συλλογών
|z Ηνωμένες Πολιτείες Αμερικής.
|9 200274
|
| 650 |
|
4 |
|a Ακαδημαϊκές βιβλιοθήκες
|x Ανάπτυξη συλλογών.
|9 9067
|
| 650 |
|
4 |
|a Δημόσιες βιβλιοθήκες
|x Ανάπτυξη συλλογών
|z Ηνωμένες Πολιτείες Αμερικής.
|9 200275
|
| 700 |
1 |
|
|a Futas, Elizabeth
|9 200272
|e επιμελήτρια.
|
| 830 |
|
0 |
|9 200276
|a Neal-Schuman professional book
|
| 942 |
|
|
|2 ddc
|c BK
|
| 952 |
|
|
|0 0
|1 0
|2 ddc
|4 0
|6 025_200000000000000_LIB
|7 0
|9 374491
|a LISP
|b LISP
|c ADM
|d 2023-10-10
|i 261762
|l 0
|o 025.2 LIB
|p 025000303411
|r 2023-10-10 00:00:00
|t 1
|w 2023-10-10
|y BKN
|
| 998 |
|
|
|c ΜΠΟΥΡΑΣ
|d 2023-10
|
| 999 |
|
|
|c 218363
|d 218363
|